Eurovision 2023, Chansons - Statistiques

Statistiques générales
  • Ce quiz a été pris 340 fois
  • Le résultat moyen est 30 sur 37
Statistiques - réponses
Chansons Pays % Correct
Cha Cha Cha Finlande
98%
Évidemment France
97%
Queen of Kings Norvège
97%
Tattoo Suède
97%
Unicorn Israël
94%
Who the Hell is Edgar? Autriche
92%
Mama ŠČ! Croatie
92%
Ai coração Portugal
90%
I Wrote a Song Royaume-Uni
89%
Due vite Italie
88%
Bridges Estonie
86%
Watergun Suisse
86%
Blood & Glitter Allemagne
85%
Eaea Espagne
85%
Carpe Diem Slovénie
85%
My Sister's Crown Tchéquie
85%
Duje Albanie
84%
Solo Pologne
84%
Samo mi se spava Serbie
83%
Heart of Steel Ukraine
83%
Future Lover Arménie
82%
Because of You Belgique
82%
Soarele și luna Moldavie
81%
Break a Broken Heart Chypre
78%
Promise Australie
77%
Stay Lituanie
76%
Power Islande
74%
We Are One Irlande
72%
Echo Géorgie
71%
Breaking My Heart Danemark
70%
Dance (Our Own Party) Malte
70%
Aijā Lettonie
69%
D.G.T. (Off and On) Roumanie
69%
Like an Animal Saint-Marin
67%
What They Say Grèce
66%
Burning Daylight Pays-Bas
65%
Tell Me More Azerbaïdjan
64%
Aucun quiz correspondant
Distribution des résultats
% des personnes avec chaque résultat
Percentile par nombre de réponses
Votre historique - résultats
Vous n’avez pas pris ce quiz